[Event "Deutsche Ländermeisterschaft 2014"]
[Site "Hannover GER"]
[Date "2014.10.05"]
[Round "4"]
[White "Perske, Thore"]
[Black "Boes, Julian"]
[Result "1-0"]
[Termination "normal"]
[Board "3.3"]
[WhiteElo "2275"]
[BlackElo "1845"]
[WhiteClock "00:19:44"]
[BlackClock "00:23:43"]
[WhiteTeam "Rheinland-Pfalz"]
[BlackTeam "Baden 2"]
[PlyCount "65"]
[WhiteFideId "12902195"]
[BlackFideId "12907723"]
[EventCountry "GER"]
[EventRounds "7"]
[EventType "team-swiss"]
[EventDate "2014.10.02"]

1. e4 {[%clk 1:30:57]} c5 {[%clk 1:30:54]} 2. Nf3 {[%clk 1:30:56]} e6 {[%clk
1:31:14]} 3. d4 {[%clk 1:31:11]} cxd4 {[%clk 1:31:38]} 4. Nxd4 {[%clk 1:31:33]}
a6 {[%clk 1:32:03]} 5. Bd3 {[%clk 1:31:30]} Bc5 {[%clk 1:31:36]} 6. Nb3 {[%clk
1:31:23]} Be7 {[%clk 1:31:56]} 7. Nc3 {[%clk 1:31:00]} d6 {[%clk 1:31:14]} 8.
O-O {[%clk 1:31:21]} Nf6 {[%clk 1:31:05]} 9. f4 {[%clk 1:31:30]} Nbd7 {[%clk
1:22:42]} 10. a4 {[%clk 1:30:45]} b6 {[%clk 1:14:59]} 11. Qe2 {[%clk 1:26:20]}
Qc7 {[%clk 1:10:32]} 12. Bd2 {[%clk 1:25:35]} Bb7 {[%clk 1:07:34]} 13. Rae1
{[%clk 1:25:13]} Nc5 {[%clk 1:04:24]} 14. Nxc5 {[%clk 1:21:17]} dxc5 {[%clk
1:03:52]} 15. e5 {[%clk 1:14:24]} Nd5 {[%clk 0:55:57]} 16. Nxd5 {[%clk
1:05:15]} exd5 {[%clk 0:55:54]} 17. b3 {[%clk 0:46:20]} a5 {[%clk 0:46:49]} 18.
e6 {[%clk 0:41:35]} f6 {[%clk 0:45:04]} 19. Qh5+ {[%clk 0:39:55]} g6 {[%clk
0:38:09]} 20. Bxg6+ {[%clk 0:39:54]} Kd8 {[%clk 0:38:38]} 21. c4 {[%clk
0:31:23]} d4 {[%clk 0:37:26]} 22. Be4 {[%clk 0:31:08]} Bxe4 {[%clk 0:37:10]}
23. Rxe4 {[%clk 0:31:36]} Qc6 {[%clk 0:36:09]} 24. Rfe1 {[%clk 0:31:50]} Kc7
{[%clk 0:34:31]} 25. f5 {[%clk 0:30:11]} Rag8 {[%clk 0:28:12]} 26. Qf7 {[%clk
0:24:33]} Qe8 {[%clk 0:27:18]} 27. Bh6 {[%clk 0:24:32]} Kd8 {[%clk 0:24:42]}
28. Bg7 {[%clk 0:23:13]} h5 {[%clk 0:23:17]} 29. Qxe8+ {[%clk 0:19:09]} Kxe8
{[%clk 0:22:59]} 30. Bxh8 {[%clk 0:19:34]} Rxh8 {[%clk 0:23:28]} 31. Rh4 {[%clk
0:19:33]} Kf8 {[%clk 0:23:24]} 32. Kf2 {[%clk 0:19:51]} Kg7 {[%clk 0:23:43]}
33. g4 {[%clk 0:19:44]} 1-0

[Event "Deutsche Ländermeisterschaft 2014"]
[Site "Hannover GER"]
[Date "2014.10.05"]
[Round "4"]
[White "Wiesner, Alexander"]
[Black "Muckle, Julius"]
[Result "0-1"]
[Termination "normal"]
[Board "3.4"]
[WhiteElo "1791"]
[BlackElo "1995"]
[WhiteClock "00:03:37"]
[BlackClock "00:24:13"]
[WhiteTeam "Baden 2"]
[BlackTeam "Rheinland-Pfalz"]
[PlyCount "58"]
[WhiteFideId "12943991"]
[BlackFideId "12942430"]
[EventCountry "GER"]
[EventRounds "7"]
[EventType "team-swiss"]
[EventDate "2014.10.02"]

1. d4 {[%clk 1:30:54]} d5 {[%clk 1:30:53]} 2. c4 {[%clk 1:31:19]} c6 {[%clk
1:31:21]} 3. Nf3 {[%clk 1:31:45]} Nf6 {[%clk 1:31:39]} 4. Nc3 {[%clk 1:32:08]}
e6 {[%clk 1:31:59]} 5. e3 {[%clk 1:32:32]} Nbd7 {[%clk 1:32:18]} 6. Qc2 {[%clk
1:32:55]} Be7 {[%clk 1:32:05]} 7. Bd3 {[%clk 1:32:10]} O-O {[%clk 1:27:57]} 8.
O-O {[%clk 1:30:58]} b6 {[%clk 1:20:43]} 9. e4 {[%clk 1:24:04]} dxe4 {[%clk
1:20:48]} 10. Nxe4 {[%clk 1:18:20]} Bb7 {[%clk 1:20:50]} 11. Rd1 {[%clk
0:54:55]} Nxe4 {[%clk 1:19:51]} 12. Bxe4 {[%clk 0:55:12]} Nf6 {[%clk 1:20:19]}
13. Bf4 {[%clk 0:45:30]} Nxe4 {[%clk 1:14:48]} 14. Qxe4 {[%clk 0:45:56]} Bf6
{[%clk 1:15:07]} 15. c5 {[%clk 0:40:18]} Qd5 {[%clk 1:08:47]} 16. Qxd5 {[%clk
0:38:56]} exd5 {[%clk 1:04:21]} 17. b4 {[%clk 0:32:44]} Rfe8 {[%clk 0:57:13]}
18. Re1 {[%clk 0:26:30]} Re4 {[%clk 0:48:24]} 19. Be3 {[%clk 0:26:34]} Rae8
{[%clk 0:47:39]} 20. Rab1 {[%clk 0:21:49]} Bc8 {[%clk 0:43:48]} 21. a4 {[%clk
0:19:52]} g5 {[%clk 0:28:21]} 22. Kf1 {[%clk 0:15:08]} Bf5 {[%clk 0:28:20]} 23.
Rbc1 {[%clk 0:11:39]} g4 {[%clk 0:26:48]} 24. Nd2 {[%clk 0:11:23]} R4e6 {[%clk
0:26:42]} 25. Rc3 {[%clk 0:05:37]} Bxd4 {[%clk 0:26:35]} 26. Ra3 {[%clk
0:04:27]} bxc5 {[%clk 0:26:52]} 27. bxc5 {[%clk 0:03:42]} Bxc5 {[%clk 0:27:18]}
28. Rc3 {[%clk 0:03:38]} Bb4 {[%clk 0:24:18]} 29. Rcc1 {[%clk 0:03:37]} d4
{[%clk 0:24:13]} 0-1

[Event "Deutsche Ländermeisterschaft 2014"]
[Site "Hannover GER"]
[Date "2014.10.05"]
[Round "4"]
[White "Schwarz, Larissa"]
[Black "Zimmer, Raphael"]
[Result "1/2-1/2"]
[Termination "normal"]
[Board "3.5"]
[WhiteElo "1951"]
[BlackElo "1902"]
[WhiteClock "00:02:16"]
[BlackClock "01:13:10"]
[WhiteTeam "Rheinland-Pfalz"]
[BlackTeam "Baden 2"]
[PlyCount "103"]
[WhiteFideId "24699004"]
[BlackFideId "12978841"]
[EventCountry "GER"]
[EventRounds "7"]
[EventType "team-swiss"]
[EventDate "2014.10.02"]

1. e4 {[%clk 1:30:55]} e5 {[%clk 1:30:59]} 2. Nf3 {[%clk 1:31:17]} Nc6 {[%clk
1:31:22]} 3. Bb5 {[%clk 1:31:40]} a6 {[%clk 1:31:46]} 4. Ba4 {[%clk 1:32:06]}
Nf6 5. O-O {[%clk 1:32:21]} Be7 {[%clk 1:32:36]} 6. Re1 {[%clk 1:32:30]} b5
{[%clk 1:33:01]} 7. Bb3 {[%clk 1:32:48]} O-O {[%clk 1:33:24]} 8. h3 {[%clk
1:32:42]} Bb7 {[%clk 1:33:42]} 9. d3 {[%clk 1:28:52]} d6 {[%clk 1:31:13]} 10.
c3 {[%clk 1:26:57]} Qd7 {[%clk 1:30:53]} 11. Nbd2 {[%clk 1:23:20]} d5 {[%clk
1:25:33]} 12. exd5 {[%clk 1:18:01]} Nxd5 {[%clk 1:25:37]} 13. Nxe5 {[%clk
1:14:11]} Nxe5 {[%clk 1:25:47]} 14. Rxe5 {[%clk 1:14:36]} Nf4 {[%clk 1:25:19]}
15. Nf3 {[%clk 1:08:38]} Ng6 {[%clk 1:10:55]} 16. Re1 {[%clk 1:03:06]} Bd6
{[%clk 1:08:34]} 17. d4 {[%clk 0:54:34]} Rae8 {[%clk 1:05:11]} 18. Be3 {[%clk
0:49:22]} Qf5 {[%clk 0:56:09]} 19. Bc2 {[%clk 0:36:09]} Qh5 {[%clk 0:55:23]}
20. Ng5 {[%clk 0:28:36]} Qxd1 21. Bxd1 {[%clk 0:26:27]} Nh4 {[%clk 0:53:27]}
22. Nf3 {[%clk 0:21:36]} Nxf3+ {[%clk 0:52:31]} 23. Bxf3 {[%clk 0:21:54]} Bxf3
{[%clk 0:52:53]} 24. gxf3 {[%clk 0:22:22]} Re6 {[%clk 0:52:54]} 25. a4 {[%clk
0:17:14]} Rfe8 {[%clk 0:51:01]} 26. axb5 {[%clk 0:15:35]} axb5 {[%clk 0:51:10]}
27. Bd2 {[%clk 0:14:31]} Rxe1+ {[%clk 0:50:53]} 28. Rxe1 {[%clk 0:14:51]} Rxe1+
{[%clk 0:50:38]} 29. Bxe1 {[%clk 0:15:19]} Bf4 {[%clk 0:50:31]} 30. Kf1 {[%clk
0:14:53]} f5 {[%clk 0:50:06]} 31. Ke2 {[%clk 0:13:18]} Kf7 {[%clk 0:50:25]} 32.
b3 {[%clk 0:08:11]} c6 {[%clk 0:49:45]} 33. c4 {[%clk 0:07:12]} Kf6 {[%clk
0:48:41]} 34. Kd3 {[%clk 0:05:20]} Bd6 {[%clk 0:46:48]} 35. Bd2 {[%clk
0:03:15]} g5 {[%clk 0:45:50]} 36. Ke2 {[%clk 0:02:21]} h5 {[%clk 0:45:37]} 37.
Bc3 {[%clk 0:02:17]} Ke6 {[%clk 0:45:29]} 38. Bd2 {[%clk 0:02:16]} Kf6 {[%clk
0:45:43]} 39. f4 {[%clk 0:01:18]} g4 {[%clk 0:46:29]} 40. h4 {[%clk 0:02:14]}
Ke6 {[%clk 0:46:13]} 41. f3 {[%clk 0:24:23]} Be7 {[%clk 1:15:57]} 42. Be1
{[%clk 0:23:14]} Bf6 {[%clk 1:16:15]} 43. fxg4 {[%clk 0:16:30]} fxg4 {[%clk
1:15:27]} 44. Ke3 {[%clk 0:16:18]} Kf5 {[%clk 1:15:43]} 45. Bg3 {[%clk
0:14:18]} Be7 {[%clk 1:15:27]} 46. Kd3 {[%clk 0:11:15]} Bd6 {[%clk 1:14:53]}
47. Ke3 {[%clk 0:11:21]} Bc7 {[%clk 1:13:40]} 48. c5 {[%clk 0:05:30]} Bb8
{[%clk 1:12:30]} 49. b4 {[%clk 0:05:35]} Bc7 {[%clk 1:12:46]} 50. Bh2 {[%clk
0:02:31]} Bb8 {[%clk 1:12:48]} 51. Bg3 {[%clk 0:02:22]} Bc7 {[%clk 1:13:10]}
52. Bh2 {[%clk 0:02:16]} 1/2-1/2

[Event "Deutsche Ländermeisterschaft 2014"]
[Site "Hannover GER"]
[Date "2014.10.05"]
[Round "4"]
[White "Riegel, Arinna"]
[Black "Sanati, Charlotte"]
[Result "1/2-1/2"]
[Termination "normal"]
[Board "3.6"]
[WhiteElo "1620"]
[BlackElo "1772"]
[WhiteClock "00:12:55"]
[BlackClock "00:07:37"]
[WhiteTeam "Baden 2"]
[BlackTeam "Rheinland-Pfalz"]
[PlyCount "122"]
[WhiteFideId "12931446"]
[BlackFideId "12907707"]
[EventCountry "GER"]
[EventRounds "7"]
[EventType "team-swiss"]
[EventDate "2014.10.02"]

1. e4 {[%clk 1:30:57]} c5 {[%clk 1:30:54]} 2. Nf3 {[%clk 1:31:21]} d6 {[%clk
1:31:19]} 3. d4 {[%clk 1:31:43]} cxd4 {[%clk 1:31:41]} 4. Nxd4 {[%clk 1:32:05]}
Nf6 {[%clk 1:31:54]} 5. f3 {[%clk 1:32:30]} e5 {[%clk 1:31:52]} 6. Nb3 {[%clk
1:32:54]} Be7 {[%clk 1:31:40]} 7. Be3 {[%clk 1:32:23]} Be6 {[%clk 1:30:31]} 8.
Be2 {[%clk 1:30:14]} O-O {[%clk 1:26:53]} 9. O-O {[%clk 1:28:50]} Nbd7 {[%clk
1:23:08]} 10. c4 {[%clk 1:21:17]} Qc7 {[%clk 1:14:04]} 11. N3d2 {[%clk
1:20:58]} Rfd8 {[%clk 1:06:17]} 12. Nc3 {[%clk 1:19:15]} Nb6 {[%clk 1:00:04]}
13. b3 {[%clk 1:16:28]} Nh5 {[%clk 0:51:50]} 14. Rc1 {[%clk 1:14:16]} Qd7
{[%clk 0:45:32]} 15. Ndb1 {[%clk 0:58:31]} Nf4 {[%clk 0:38:40]} 16. Qd2 {[%clk
0:56:04]} Bg5 {[%clk 0:35:18]} 17. Rfd1 {[%clk 0:55:22]} Qe7 {[%clk 0:29:00]}
18. Nd5 {[%clk 0:55:28]} Nbxd5 {[%clk 0:26:22]} 19. cxd5 {[%clk 0:55:23]} Bd7
{[%clk 0:25:25]} 20. Rc7 {[%clk 0:51:26]} Nxe2+ {[%clk 0:20:39]} 21. Qxe2
{[%clk 0:51:14]} Bb5 {[%clk 0:18:02]} 22. Bxg5 {[%clk 0:41:14]} Qxc7 23. Qxb5
{[%clk 0:39:40]} f6 {[%clk 0:13:41]} 24. Be3 {[%clk 0:39:05]} Qc2 {[%clk
0:10:05]} 25. Rc1 {[%clk 0:27:04]} Qxa2 {[%clk 0:07:37]} 26. Qxb7 {[%clk
0:22:15]} Rab8 {[%clk 0:05:57]} 27. Qxa7 {[%clk 0:19:59]} Qxb3 {[%clk 0:06:02]}
28. Qa3 {[%clk 0:19:35]} Qb5 {[%clk 0:05:08]} 29. Kf2 {[%clk 0:14:31]} Ra8
{[%clk 0:05:06]} 30. Qc3 {[%clk 0:13:47]} Ra2+ {[%clk 0:03:37]} 31. Nd2 {[%clk
0:13:10]} Rda8 {[%clk 0:03:47]} 32. h3 {[%clk 0:08:31]} R2a3 {[%clk 0:03:05]}
33. Qc4 {[%clk 0:07:59]} Qb7 {[%clk 0:02:22]} 34. Qc6 {[%clk 0:06:28]} Qb4
{[%clk 0:02:03]} 35. Rc4 {[%clk 0:06:19]} Qb8 {[%clk 0:01:40]} 36. Qd7 {[%clk
0:05:32]} Kh8 {[%clk 0:00:44]} 37. Rc7 {[%clk 0:05:27]} Qf8 {[%clk 0:00:48]}
38. Qe7 {[%clk 0:04:48]} Qxe7 {[%clk 0:00:39]} 39. Rxe7 {[%clk 0:05:16]} Ra2
{[%clk 0:00:44]} 40. Rd7 {[%clk 0:04:13]} Kg8 {[%clk 0:00:42]} 41. Rxd6 {[%clk
0:04:01]} Rc2 {[%clk 0:28:39]} 42. Rb6 {[%clk 0:32:10]} Raa2 {[%clk 0:27:39]}
43. Rb7 {[%clk 0:28:33]} Rxd2+ {[%clk 0:23:04]} 44. Bxd2 {[%clk 0:28:42]} Rxd2+
{[%clk 0:23:28]} 45. Ke3 {[%clk 0:27:01]} Rd4 {[%clk 0:22:32]} 46. Rb3 {[%clk
0:26:48]} Kf8 {[%clk 0:21:08]} 47. Rd3 {[%clk 0:26:00]} Rb4 {[%clk 0:21:13]}
48. Ke2 {[%clk 0:25:48]} Ke7 {[%clk 0:21:15]} 49. Kd1 {[%clk 0:25:56]} Kd6
{[%clk 0:19:12]} 50. Kc2 {[%clk 0:25:31]} f5 {[%clk 0:18:00]} 51. exf5 {[%clk
0:22:59]} e4 {[%clk 0:17:31]} 52. fxe4 {[%clk 0:21:38]} Rxe4 {[%clk 0:17:53]}
53. Kd2 {[%clk 0:21:59]} Re5 {[%clk 0:14:44]} 54. g4 {[%clk 0:22:13]} h5 {[%clk
0:12:42]} 55. Re3 {[%clk 0:15:30]} Rxd5+ {[%clk 0:09:01]} 56. Rd3 {[%clk
0:15:42]} Rxd3+ {[%clk 0:07:28]} 57. Kxd3 {[%clk 0:16:10]} Ke5 {[%clk 0:07:15]}
58. Ke3 {[%clk 0:16:02]} hxg4 {[%clk 0:07:23]} 59. hxg4 {[%clk 0:13:57]} g6
{[%clk 0:07:13]} 60. fxg6 {[%clk 0:12:55]} Kf6 {[%clk 0:07:37]} 61. Ke4 Ke5+
1/2-1/2

[Event "Deutsche Ländermeisterschaft 2014"]
[Site "Hannover GER"]
[Date "2014.10.05"]
[Round "4"]
[White "Lohrmann, Tabea"]
[Black "Reitz, Theresa"]
[Result "0-1"]
[Termination "normal"]
[Board "3.8"]
[WhiteElo "1467"]
[BlackElo "1477"]
[WhiteClock "00:07:49"]
[BlackClock "00:15:05"]
[WhiteTeam "Baden 2"]
[BlackTeam "Rheinland-Pfalz"]
[PlyCount "140"]
[WhiteFideId "12911941"]
[BlackFideId "12971901"]
[EventCountry "GER"]
[EventRounds "7"]
[EventType "team-swiss"]
[EventDate "2014.10.02"]

1. e4 {[%clk 1:30:55]} c5 {[%clk 1:30:55]} 2. Nf3 {[%clk 1:31:16]} e6 {[%clk
1:30:17]} 3. d4 {[%clk 1:31:39]} cxd4 {[%clk 1:30:42]} 4. Nxd4 {[%clk 1:32:03]}
Nf6 {[%clk 1:30:36]} 5. Nc3 {[%clk 1:31:02]} d6 {[%clk 1:30:40]} 6. f3 {[%clk
1:29:06]} a6 {[%clk 1:29:31]} 7. Be3 {[%clk 1:28:23]} b5 {[%clk 1:26:40]} 8.
Qd2 {[%clk 1:21:39]} Bb7 9. Bd3 {[%clk 1:14:55]} Qc7 {[%clk 1:11:08]} 10. O-O
{[%clk 1:03:41]} Nbd7 {[%clk 1:02:12]} 11. Rac1 {[%clk 0:56:37]} Be7 {[%clk
0:56:45]} 12. Nce2 {[%clk 0:53:29]} d5 {[%clk 0:48:16]} 13. exd5 {[%clk
0:44:02]} Nxd5 {[%clk 0:47:18]} 14. a3 {[%clk 0:38:11]} N7b6 {[%clk 0:40:13]}
15. Rfe1 {[%clk 0:31:41]} O-O {[%clk 0:38:26]} 16. Nf4 {[%clk 0:28:21]} Bd6
{[%clk 0:30:25]} 17. Nde2 {[%clk 0:24:54]} Nxe3 {[%clk 0:29:06]} 18. Kh1 {[%clk
0:19:51]} Bxf4 {[%clk 0:26:00]} 19. Nxf4 {[%clk 0:18:47]} Qxf4 {[%clk 0:25:18]}
20. Qxe3 {[%clk 0:18:13]} Qxe3 {[%clk 0:25:21]} 21. Rxe3 {[%clk 0:18:39]} Rac8
{[%clk 0:24:29]} 22. b3 {[%clk 0:17:05]} Rfd8 {[%clk 0:19:27]} 23. h3 {[%clk
0:16:06]} Nd5 {[%clk 0:19:11]} 24. Ree1 {[%clk 0:15:49]} Nf4 {[%clk 0:19:13]}
25. Red1 {[%clk 0:15:59]} Nxd3 {[%clk 0:19:26]} 26. cxd3 {[%clk 0:16:14]} h6
{[%clk 0:19:08]} 27. Rb1 {[%clk 0:15:47]} Rd4 {[%clk 0:19:05]} 28. Rb2 {[%clk
0:15:24]} Rc3 {[%clk 0:18:17]} 29. Kh2 {[%clk 0:14:45]} Bd5 {[%clk 0:17:33]}
30. b4 {[%clk 0:14:20]} Rcxd3 {[%clk 0:17:18]} 31. Rc1 {[%clk 0:14:18]} Bc4
{[%clk 0:17:37]} 32. Kg3 {[%clk 0:13:57]} Rxa3 {[%clk 0:17:32]} 33. Rcb1 {[%clk
0:13:30]} Rad3 {[%clk 0:17:01]} 34. Rc1 {[%clk 0:13:03]} Rd2 {[%clk 0:16:45]}
35. Rbb1 {[%clk 0:11:18]} Re2 {[%clk 0:16:05]} 36. Ra1 {[%clk 0:11:07]} Rd6
{[%clk 0:15:37]} 37. Rab1 {[%clk 0:08:48]} Rdd2 {[%clk 0:13:15]} 38. Rg1 {[%clk
0:08:49]} Rb2 {[%clk 0:13:19]} 39. Ra1 {[%clk 0:08:45]} Rxb4 {[%clk 0:13:36]}
40. Rxa6 {[%clk 0:08:17]} Ra4 {[%clk 0:13:49]} 41. Rc6 {[%clk 0:07:33]} Bd5
{[%clk 0:13:00]} 42. Rb6 {[%clk 0:06:33]} b4 {[%clk 0:12:07]} 43. Rb1 {[%clk
0:05:28]} b3 {[%clk 0:12:19]} 44. Rb5 {[%clk 0:05:21]} Bc4 {[%clk 0:10:50]} 45.
Rb6 {[%clk 0:05:04]} Raa2 {[%clk 0:10:48]} 46. Rg1 {[%clk 0:04:49]} b2 {[%clk
0:11:11]} 47. Rb1 {[%clk 0:05:06]} Bd3 {[%clk 0:11:02]} 48. Rd1 {[%clk
0:04:23]} b1=Q {[%clk 0:10:02]} 49. Rdxb1 {[%clk 0:04:29]} Bxb1 {[%clk
0:10:23]} 50. Rxb1 {[%clk 0:04:53]} Rxg2+ {[%clk 0:10:46]} 51. Kf4 {[%clk
0:05:06]} Ra4+ {[%clk 0:10:28]} 52. Ke3 {[%clk 0:05:11]} Rg3 {[%clk 0:10:49]}
53. Rh1 {[%clk 0:05:05]} Ra3+ {[%clk 0:11:13]} 54. Ke4 {[%clk 0:05:16]} Raxf3
{[%clk 0:11:27]} 55. Ke5 {[%clk 0:04:18]} Rxh3 {[%clk 0:11:26]} 56. Rd1 {[%clk
0:04:36]} Rf5+ {[%clk 0:11:21]} 57. Ke4 {[%clk 0:04:32]} Ra5 {[%clk 0:11:00]}
58. Rd7 {[%clk 0:04:10]} Ra4+ {[%clk 0:11:18]} 59. Ke5 {[%clk 0:04:28]} Rh5+
{[%clk 0:11:36]} 60. Kd6 {[%clk 0:04:49]} Rd4+ {[%clk 0:11:49]} 61. Kc6 {[%clk
0:05:00]} Rxd7 {[%clk 0:12:09]} 62. Kxd7 {[%clk 0:04:58]} e5 {[%clk 0:12:21]}
63. Kd6 {[%clk 0:05:16]} e4 {[%clk 0:12:46]} 64. Kc6 {[%clk 0:05:38]} e3 65.
Kc7 {[%clk 0:05:49]} e2 {[%clk 0:13:38]} 66. Kd6 {[%clk 0:06:16]} e1=Q {[%clk
0:13:55]} 67. Kd7 {[%clk 0:06:40]} Rd5+ {[%clk 0:14:23]} 68. Kc6 {[%clk
0:07:01]} Qe6+ {[%clk 0:14:43]} 69. Kc7 {[%clk 0:07:26]} Rd7+ {[%clk 0:15:05]}
70. Kc8 {[%clk 0:07:49]} Qe8# 0-1

[Event "Deutsche Ländermeisterschaft 2014"]
[Site "Hannover GER"]
[Date "2014.10.05"]
[Round "4"]
[White "Mundorf, Johannes"]
[Black "Schröder, Jan-Christian"]
[Result "1-0"]
[Termination "normal"]
[Board "4.1"]
[BlackTitle "FM"]
[WhiteElo "2234"]
[BlackElo "2388"]
[WhiteClock "00:07:18"]
[BlackClock "00:02:42"]
[WhiteTeam "Nordrhein-Westfalen"]
[BlackTeam "Hessen 1"]
[PlyCount "63"]
[WhiteFideId "24672491"]
[BlackFideId "24662259"]
[EventCountry "GER"]
[EventRounds "7"]
[EventType "team-swiss"]
[EventDate "2014.10.02"]

1. Nf3 {[%clk 1:30:50]} d5 {[%clk 1:30:56]} 2. g3 {[%clk 1:30:18]} Nc6 {[%clk
1:31:22]} 3. d4 {[%clk 1:30:38]} Bg4 {[%clk 1:31:48]} 4. Bg2 {[%clk 1:31:03]}
Qd7 {[%clk 1:32:03]} 5. h3 {[%clk 1:31:03]} Bxf3 {[%clk 1:32:06]} 6. exf3
{[%clk 1:29:25]} e6 {[%clk 1:30:09]} 7. O-O {[%clk 1:29:03]} Bd6 {[%clk
1:27:46]} 8. f4 {[%clk 1:22:11]} Nge7 {[%clk 1:23:50]} 9. c3 {[%clk 1:16:19]}
O-O-O {[%clk 1:18:58]} 10. b4 {[%clk 1:14:11]} Rdg8 {[%clk 1:13:48]} 11. Nd2
{[%clk 0:57:41]} h6 {[%clk 1:08:21]} 12. Qa4 {[%clk 0:55:06]} a6 {[%clk
1:03:34]} 13. Nf3 {[%clk 0:52:57]} f6 {[%clk 1:01:11]} 14. Rb1 {[%clk 0:48:55]}
g5 {[%clk 0:55:37]} 15. fxg5 {[%clk 0:48:16]} hxg5 {[%clk 0:56:04]} 16. b5
{[%clk 0:47:27]} Na7 {[%clk 0:40:05]} 17. c4 {[%clk 0:44:35]} dxc4 {[%clk
0:38:45]} 18. Nd2 {[%clk 0:42:51]} Nxb5 {[%clk 0:33:56]} 19. Nxc4 {[%clk
0:40:52]} Nd5 {[%clk 0:33:21]} 20. Bd2 {[%clk 0:37:49]} Kb8 {[%clk 0:26:36]}
21. Qb3 {[%clk 0:25:24]} c6 {[%clk 0:15:43]} 22. a4 {[%clk 0:21:46]} Nxd4
{[%clk 0:16:05]} 23. Qd3 {[%clk 0:21:36]} Bc5 {[%clk 0:10:23]} 24. Na5 {[%clk
0:20:23]} Nb6 {[%clk 0:04:46]} 25. Rfc1 {[%clk 0:10:17]} Qd6 {[%clk 0:05:15]}
26. Nxc6+ {[%clk 0:08:10]} bxc6 {[%clk 0:03:53]} 27. Qxa6 {[%clk 0:08:29]} Kc7
{[%clk 0:01:37]} 28. Qa7+ {[%clk 0:08:40]} Kc8 {[%clk 0:01:57]} 29. Rxc5 {[%clk
0:07:05]} Qxc5 {[%clk 0:02:26]} 30. Rxb6 {[%clk 0:07:29]} Qe5 {[%clk 0:02:34]}
31. Rb7 {[%clk 0:06:56]} Nf3+ {[%clk 0:02:42]} 32. Bxf3 {[%clk 0:07:18]} 1-0

[Event "Deutsche Ländermeisterschaft 2014"]
[Site "Hannover GER"]
[Date "2014.10.05"]
[Round "4"]
[White "Hahn, Markus"]
[Black "Schröder, Kevin"]
[Result "1/2-1/2"]
[Termination "normal"]
[Board "4.2"]
[WhiteElo "2225"]
[BlackElo "2250"]
[WhiteClock "00:08:09"]
[BlackClock "00:27:16"]
[WhiteTeam "Hessen 1"]
[BlackTeam "Nordrhein-Westfalen"]
[PlyCount "163"]
[WhiteFideId "24654647"]
[BlackFideId "12929840"]
[EventCountry "GER"]
[EventRounds "7"]
[EventType "team-swiss"]
[EventDate "2014.10.02"]

1. c4 {[%clk 1:30:50]} c5 {[%clk 1:30:42]} 2. b3 {[%clk 1:31:14]} Nc6 {[%clk
1:30:31]} 3. Bb2 {[%clk 1:31:26]} e6 {[%clk 1:30:51]} 4. Nf3 {[%clk 1:27:00]}
Nf6 {[%clk 1:31:06]} 5. g3 {[%clk 1:25:08]} d5 {[%clk 1:30:59]} 6. e3 {[%clk
1:24:49]} d4 {[%clk 1:25:44]} 7. exd4 {[%clk 1:24:34]} cxd4 {[%clk 1:25:53]} 8.
Bg2 {[%clk 1:24:42]} Bc5 {[%clk 1:25:23]} 9. O-O {[%clk 1:24:38]} O-O {[%clk
1:25:47]} 10. Re1 {[%clk 1:23:31]} Qd6 {[%clk 1:19:49]} 11. a3 {[%clk 1:11:38]}
a5 {[%clk 1:18:34]} 12. b4 {[%clk 1:09:21]} axb4 {[%clk 1:19:00]} 13. axb4
{[%clk 1:09:44]} Rxa1 {[%clk 1:19:22]} 14. bxc5 {[%clk 1:09:59]} Rxb1 {[%clk
1:19:45]} 15. cxd6 {[%clk 1:10:04]} Rxd1 {[%clk 1:20:08]} 16. Rxd1 {[%clk
1:10:22]} e5 {[%clk 1:20:34]} 17. Re1 {[%clk 0:42:04]} Nd7 {[%clk 1:14:30]} 18.
Bh3 {[%clk 0:38:51]} f5 {[%clk 1:11:21]} 19. d3 {[%clk 0:34:39]} g6 {[%clk
1:10:51]} 20. Bg2 {[%clk 0:31:56]} Kg7 {[%clk 1:07:50]} 21. Nxe5 {[%clk
0:29:44]} Ndxe5 {[%clk 1:05:36]} 22. Rxe5 {[%clk 0:30:03]} Nxe5 {[%clk
1:05:41]} 23. Bxd4 {[%clk 0:30:29]} Kf7 {[%clk 0:59:18]} 24. Bxe5 {[%clk
0:30:32]} b6 {[%clk 0:48:07]} 25. d4 {[%clk 0:22:26]} Be6 {[%clk 0:45:36]} 26.
c5 {[%clk 0:22:04]} bxc5 {[%clk 0:45:19]} 27. dxc5 {[%clk 0:22:26]} Rb8 {[%clk
0:45:26]} 28. h4 {[%clk 0:21:42]} Rb5 {[%clk 0:33:28]} 29. Bd4 {[%clk 0:21:39]}
Rb1+ {[%clk 0:33:16]} 30. Kh2 {[%clk 0:21:48]} Rd1 {[%clk 0:33:03]} 31. Be5
{[%clk 0:20:37]} Rd2 {[%clk 0:25:47]} 32. c6 {[%clk 0:16:31]} Rxf2 {[%clk
0:25:00]} 33. d7 {[%clk 0:15:41]} Rd2 {[%clk 0:23:46]} 34. Bf4 {[%clk 0:14:28]}
Rd4 {[%clk 0:21:13]} 35. Kg1 {[%clk 0:11:29]} Bxd7 {[%clk 0:14:30]} 36. cxd7
{[%clk 0:11:49]} Rxd7 {[%clk 0:14:54]} 37. Kf2 {[%clk 0:12:08]} Kg7 {[%clk
0:14:48]} 38. Ke3 {[%clk 0:10:32]} h6 {[%clk 0:15:08]} 39. Be5+ {[%clk
0:07:57]} Kh7 {[%clk 0:15:19]} 40. Bh3 {[%clk 0:07:01]} Ra7 {[%clk 0:15:40]}
41. Kd4 {[%clk 0:05:42]} Rd7+ {[%clk 0:14:42]} 42. Kc5 {[%clk 0:05:39]} Rd1
{[%clk 0:13:38]} 43. Kc6 {[%clk 0:03:04]} Rh1 {[%clk 0:11:07]} 44. Bg2 {[%clk
0:03:14]} Rd1 {[%clk 0:11:01]} 45. Bf3 {[%clk 0:23:24]} Rf1 {[%clk 0:38:31]}
46. Bg2 {[%clk 0:23:48]} Rf2 {[%clk 0:36:51]} 47. Bd5 {[%clk 0:24:01]} g5
{[%clk 0:35:57]} 48. h5 {[%clk 0:10:51]} f4 {[%clk 0:31:01]} 49. gxf4 {[%clk
0:07:53]} gxf4 {[%clk 0:31:20]} 50. Kd6 {[%clk 0:06:59]} f3 {[%clk 0:27:36]}
51. Ke6 {[%clk 0:05:36]} Rf1 {[%clk 0:25:52]} 52. Kf7 {[%clk 0:04:32]} Re1
{[%clk 0:26:11]} 53. Bd4 {[%clk 0:04:23]} f2 {[%clk 0:25:32]} 54. Bxf2 {[%clk
0:04:50]} Rf1 {[%clk 0:22:23]} 55. Be4+ {[%clk 0:05:11]} Kh8 {[%clk 0:22:47]}
56. Kg6 {[%clk 0:05:19]} Rxf2 {[%clk 0:23:10]} 57. Kxh6 {[%clk 0:05:42]} Rf4
{[%clk 0:23:09]} 58. Bg6 {[%clk 0:05:31]} Rg4 {[%clk 0:23:34]} 59. Bf5 {[%clk
0:05:32]} Rg3 {[%clk 0:23:54]} 60. Bg4 {[%clk 0:04:24]} Rg1 {[%clk 0:23:48]}
61. Be6 {[%clk 0:04:19]} Re1 {[%clk 0:23:09]} 62. Bf7 {[%clk 0:04:21]} Rb1
{[%clk 0:22:59]} 63. Bg6 {[%clk 0:04:34]} Rb5 {[%clk 0:23:25]} 64. Bf7 {[%clk
0:04:44]} Rf5 {[%clk 0:23:44]} 65. Kg6 {[%clk 0:04:54]} Rf1 {[%clk 0:24:02]}
66. Be6 {[%clk 0:05:09]} Rc1 {[%clk 0:24:09]} 67. Bd5 {[%clk 0:04:33]} Ra1
{[%clk 0:23:11]} 68. Bc4 {[%clk 0:04:10]} Ra4 {[%clk 0:23:35]} 69. Bf7 {[%clk
0:04:08]} Ra6+ {[%clk 0:24:02]} 70. Kg5 {[%clk 0:04:33]} Kg7 {[%clk 0:24:28]}
71. Bg6 {[%clk 0:04:58]} Ra5+ {[%clk 0:24:55]} 72. Bf5 {[%clk 0:05:21]} Rc5
{[%clk 0:25:11]} 73. h6+ {[%clk 0:05:39]} Kh8 {[%clk 0:25:15]} 74. Kg6 {[%clk
0:05:43]} Rc6+ {[%clk 0:25:27]} 75. Kg5 {[%clk 0:06:07]} Rb6 {[%clk 0:25:25]}
76. Bg6 {[%clk 0:06:19]} Kg8 {[%clk 0:25:31]} 77. Bf5 {[%clk 0:06:44]} Kf7
{[%clk 0:25:53]} 78. h7 {[%clk 0:07:10]} Kg7 {[%clk 0:26:17]} 79. Be4 {[%clk
0:07:32]} Rb5+ {[%clk 0:26:25]} 80. Bf5 {[%clk 0:07:44]} Rxf5+ {[%clk 0:26:51]}
81. Kxf5 {[%clk 0:08:09]} Kxh7 {[%clk 0:27:16]} 82. Ke4 1/2-1/2